000 00794nam a2200241 i 4500
001 bg
100 1 _aGREINERT, Andrzej
245 1 0 _aStudia nad glebami obszaru zurbanizowanego Zielonej Góry /
_cAndrzej Greinert ; Uniwersytet Zielonogórski.
260 _aZielona Góra :
_bOficyna Wydawnicza UZ,
_c2003.
300 _a167, [1] s., [4] k. tabl. złoż. :
_bil. kolor., mapy ;
_c24 cm.
504 _aBibliogr.
650 9 _aGleba
_xchemia
650 9 _aGleba
_xfizyka
651 9 _aZielona Góra (woj. lubuskie)
_xgleba
_xdegradacja
_yod 1989 r.
710 0 _aUniwersytet Zielonogórski
020 _a8389321386
040 _cBPK
041 0 _apol
080 _a631.4:504.5.054](438)"1989/..."
920 _a83-89321-38-6
942 _cKS
008 s pl f |000 0 pol
999 _c43947
_d43947
856 _uhttp://koha.tu.koszalin.pl/cgi-bin/koha/opac-detail.pl?biblionumber=43947
_yKatalog online BPK